000 01430nam a22002177a 4500
003 DO-CoUTE
005 20230413135242.0
008 230413b dr ||||| |||| 00| 0 spa d
020 _a978-958-682-876-5
040 _aDO-CoUTE
_bspa
_cDO-CoUTE
082 _222
_a658.11 S586e 2013
100 1 _aSilva Duarte, Jorge Enrique
_eautor
245 1 0 _aEmprendedor :
_bHacia un emprendimiento sostenible /
_cJorge Enrique Silva Duarte,
250 _asegunda edición
260 _aMéxico, DF. :
_bAlfaomega Grupo Editor,
_c2013
300 _a235 páginas :
_bIlustraciones ;
_c23.5x23cm.
504 _aIncluye referencia bibliográfica e índice
520 _aEn este libro ha sido escrito para ayudar a todos los emprendedores a llevar a cabo sus proyectos con éxito. Es una excelente guía que orientará al lector en la valoración y puesta en marcha de su empresa, gracias a la metodología utilizada en el análisis y la exposición de los temas tratados. En ellos se examinan todos los aspectos que el emprendedor debe obtener en cuenta para iniciar su proyecto empresarial. Es de indudable utilidad para todas las personas interesadas en crear su propio negocio y para estudiantes de carreras como Administración de empresas, Económica y otras a fines, en las que el tema de la creación y gestión de proyectos empresariales sea estudiado como asignatura.
650 7 _2LEMB
_aEmprendimiento
942 _2ddc
_cBK
999 _c22504
_d22504